| 000 | 00974nam a22003017a 4500 | ||
|---|---|---|---|
| 001 | 8032 | ||
| 003 | FISKH | ||
| 005 | 20250819111049.0 | ||
| 008 | 250819b cb ||||| |||| 00| 0 eng d | ||
| 020 | _a9780590200271 | ||
| 040 |
_aFISKH _beng _cFISKH _dFISKH |
||
| 050 | _aGN495 .F69 | ||
| 082 | _a305.8 | ||
| 100 |
_aFox, Mem _d(1946-) |
||
| 245 |
_aWhoever you are / _cBy Mem Fox ; Illustrated by Leslie Staub |
||
| 250 | _aThis edition first published in 1999 | ||
| 260 |
_aNew York : _bScholastic, _c1997 |
||
| 300 |
_a26 unnumbered pages : _bcolor illustrations ; _c25 cm |
||
| 505 | _aJ | ||
| 520 | _aDespite the differences between people around the world, there are similarities that join us together, such as pain, joy, and love. | ||
| 521 | 8 |
_a490
_bLexile |
|
| 521 | 8 |
_aJ
_bRaz-Plus |
|
| 650 |
_2Equality _aDiversity |
||
| 650 |
_2Individuality _aMulticultural |
||
| 700 |
_aStaub, Leslie _dillustrator |
||
| 942 |
_2ddc _cBK _n0 |
||
| 999 |
_c8032 _d8032 |
||